000 00846nam a22003017a 4500
001 0054873
003 KOHA_MİRAKIL
005 20260207003959.0
007 ta
008 160121b1977 tu |||gr||||#0|||0|tur |
020 _a9751609909
040 _aTR-BiSEU
_btur
_cTR-BiSEU
_erda
041 0 _atur
044 _ctu
050 _aDR432
_b.E76 1977
100 1 _aEröz, Mehmet.
245 1 _aTürk ailesi/
_cMehmet Eröz ; Mehmet Eröz.
264 1 _aAnkara :
_bM.E.B. Devlet Kitapları
_c1977
300 _a48 sayfa; 18 cm.
336 _ametin
_btxt
_2rdacontent
337 _aaracısız
_bn
_2rdamedia
338 _acilt
_bnc
_2rdacarrier
490 1 _aEğitimde temel kavramlar serisi ;
_v3
650 0 _aAile--Türkiye.
_99769
830 1 _aEğitimde temel kavramlar serisi ;
_v3
_9101956
907 _aTarih
942 _2lcc
_cBK
999 _c54681
_d54681